Hlavní úkoly statistického úřadu v tržním hospodářství.

Význam štatistických dát v trhovom hospodárstve. Základné vlastnosti štatistickej evidencie v USA. Dôležitosť dôslednosti a presnosť evidencie. Nutnosť zachovania dôvernosti. Niektoré konkrétne problémy štatistiky v ČSFR. Hlavné všeobecné princípy činnosti štátnej štatistiky.

Na minha lista:
Detalhes bibliográficos
Autor principal: Norwoodová, J.L
Formato: Capítulo de Livro
Idioma:tcheco
Assuntos:
Tags: Adicionar Tag
Sem tags, seja o primeiro a adicionar uma tag!

MARC

LEADER 00000naa a2200000 4500
001 r007437
005 20220831090948.1
041 0 |a cze 
044 |a [CS] 
245 1 0 |a Hlavní úkoly statistického úřadu v tržním hospodářství.  |c J.L. Norwoodová 
520 |a Význam štatistických dát v trhovom hospodárstve. Základné vlastnosti štatistickej evidencie v USA. Dôležitosť dôslednosti a presnosť evidencie. Nutnosť zachovania dôvernosti. Niektoré konkrétne problémy štatistiky v ČSFR. Hlavné všeobecné princípy činnosti štátnej štatistiky. 
610 2 0 |a údaje štatistické 
610 2 0 |a hospodárstvo trhové 
610 2 0 |a ČSFR 
610 2 0 |a USA 
610 2 0 |a štatistika 
610 2 0 |a úrady štatistické 
100 1 |a Norwoodová, J.L.